000 00930nam a22002777a 4500
003 DO-SdBNP
005 20180212115852.0
008 180212b 2001 sp a|| 00| 0 spa d
020 _a8434856832
040 _aBPMSU
_bspa
_cBPMSU
082 4 _axxxx
_bxxxx
100 1 _aAtxaga, Bernardo,
_d1951-
245 1 0 _aShola y los leones /
_cBernardo Atxaga ; dirección editorial María Jesús Gil Iglesias ; ilustraciones Mikel Valverde
250 _a11ª ed.
260 _aMadrid :
_bSM,
_c2001.
300 _a74 p. :
_bil. ;
_c19 cm.
490 1 _aEl barco de vapor
_v77
500 _a"A partir de 7 años"
500 _aIncluye datos del autor en la solapa de la contracubierta.
700 1 2 _aValverde, Mikel,
_d1966-
_eil.
700 1 2 _aGil Iglesias, María Jesús,
_edir. ed.
830 0 _aEl barco de vapor.
_v77
942 _2ddc
_cBK
945 _aInventariado, 25018 / BT
956 _aBTAVAREZ
_b10
_d20180212
_fBPMSU
_h0038
999 _c13282
_d13282